| 000 | 00914nam a2200265 a 4500 | ||
|---|---|---|---|
| 001 | BRL_838 | ||
| 005 | 20190320210923.0 | ||
| 008 | 151013s1971----mx-a######---#000-0#spa-# | ||
| 041 | _aspa | ||
| 044 | _amx | ||
| 050 | 4 |
_aND254 _b.E73 1971 |
|
| 245 | 1 | 0 |
_aPintura popular _bEscenas mexicanas del siglo XIX _cIntroducción por Antonio Arriaga Ochoa ; Fotografías por Héctor Herrera. |
| 260 |
_aMéxico _bOctavio Colmenares _c1971 |
||
| 300 |
_axl p. _bil., [16]láminas _c35 cm. |
||
| 500 | _aAu626 | ||
| 500 | _aTexto en: espanol, ingles y frances | ||
| 500 | _aColección del Museo Nacional de Historia. Castillo de Chapultepec | ||
| 650 | 1 | 4 |
_aPintura mexicana _vCatálogos _93411 |
| 650 | 1 | 4 |
_aPintura _vCatálogos _zCiudad de México _925096 |
| 651 | 4 |
_aMéxico _xEn el arte _95715 |
|
| 700 | 1 |
_aArriaga Ochoa, Antonio _925097 |
|
| 700 | 1 |
_aHerrera, Héctor _eil. _925098 |
|
| 902 | _aGRL | ||
| 942 |
_2lcc _cB |
||
| 999 |
_c9650 _d9650 |
||